| 000 | 00738nam a2200229 a 4500 | ||
|---|---|---|---|
| 001 | 70371 | ||
| 003 | BD-RjUL | ||
| 005 | 20211209082006.0 | ||
| 008 | 170417r19481946enka b 000 0beng d | ||
| 035 | _a(BD-RjUL)70585 | ||
| 040 |
_aDLC _cGAT _dGAT _dBD-RjUL _beng |
||
| 041 | _aeng | ||
| 082 |
_223 _a530.092 _bBAS 1948 |
||
| 100 | 1 |
_aBates, L. F. _q(Leslie Fleetwood) _9200551 |
|
| 245 | 0 | 0 |
_aSir Alfred Ewing : _ba pioneer in physics and engineering / _cL. F. Bates, |
| 260 |
_aLondon, _aNew York, _bPub. for the British Council by Longmans, Green _c[1946] |
||
| 300 |
_a38 p. : _bill. ; _c23 cm. |
||
| 600 | 1 | 0 |
_aEwing, J. A. _q(James Alfred), _d1855-1935. _9208375 |
| 650 |
_aPhysics _9209087 |
||
| 942 |
_2ddc _cBK |
||
| 999 |
_c70371 _d70371 |
||